000 00434nam a2200181Ia 4500
001 2119
005 20260306143818.0
008 260306t2017||||xx |||||||||||||| ||spa||
041 _aESP
082 _a613.019
_bO25
100 _aOblitas, Luis A.
_eAUT
245 0 _aPsicologĂ­a de la salud y calidad de vida
260 _c2017
300 _a430 páginas :
_c27 cm.
650 _aGEN
654 _aCPS
942 _cLIB
_dJUS
_fJUS
_2ddc
_n
999 _c2119
_d2119